| 000 | 00765aam a2200301 4500 | ||
|---|---|---|---|
| 005 | 20240315123034.0 | ||
| 008 | 150306b xxu||||| |||| 00| 0 spa d | ||
| 020 | _a9789587620634 | ||
| 041 | _aESP | ||
| 082 | _a658.83 C422i | ||
| 100 |
_aCéspedes Sáenz, Alberto _915864 |
||
| 245 | _aInvestigación de mercados: para una mejor toma de decisiones | ||
| 260 | _aColombia | ||
| 260 | _bEdiciones de la U | ||
| 260 | _c2012 | ||
| 300 | _a211 páginas | ||
| 650 | _aINVESTIGACIÓN DE MERCADOS | ||
| 650 | _aMERCADEO | ||
| 650 | _aESTADÍSTICA Y MUESTREO | ||
| 650 | _aGESTIÓN | ||
| 650 | _aSEGMENTACIÓN DE MERCADOS | ||
| 650 | _aCUESTIONARIOS | ||
| 650 | _aENTREVISTAS | ||
| 942 |
_cBK _2ddc |
||
| 999 |
_c3743 _d3743 |
||